000 01006nam a2200277 a 4500
001 BRL_1488
005 20190320211231.0
008 270114s1991----mx-ao#####---#000-0#spa-#
020 _a9683802885
041 _aspa
044 _amx
050 4 _aF1219.3
_b.L43 1991
100 1 _aLechuga, Ruth D.
_d1920-2004
_92443
245 1 0 _aEl traje de los indígenas en México
_bsu evolución, desde la época prehispánica hasta la actualidad
_cRuth D. Lechuga ; dibujos José Narro.
260 _aMéxico
_bPanorama
_c1991
300 _a260 p.
_bil., fotografías
_c20 cm.
500 _aej.1 Au2247, ej.2 Au1726
500 _aLa biblioteca cuenta con 2 ejemplares
500 _aEste libro fue publicado originalmente con el título de: El traje indígena de México
504 _aBibliografía: p. 256-260
650 1 4 _aIndígenas de México
_xPrendas de vestir
_927075
650 1 4 _aIndígenas de México
_xIndumentaria
_92447
700 1 _aNarro, José
_eil.
_927076
902 _aGRL
942 _2lcc
_cB
999 _c10298
_d10298